[Event "Titled Tuesday intern op 24th Sep Late"]
[Site "Chess.com INT"]
[Date "2024.09.24"]
[Round "11"]
[White "Djordjevic, Vuk D"]
[Black "McConnell, Sullivan Mac"]
[Result "1-0"]
[WhiteElo "2347"]
[BlackElo "2183"]
[PlyCount "129"]
[EventDate "2024.09.24"]
[EventType "swiss (blitz)"]
[EventRounds "11"]
[EventCountry "USA"]
[SourceTitle "EXT 2025"]
[Source "ChessBase"]
[SourceDate "2024.10.14"]
[SourceVersion "1"]
[SourceVersionDate "2024.10.14"]
[SourceQuality "1"]

1. d4 d5 2. Bf4 Nf6 3. e3 c5 4. c3 Nc6 5. Nd2 g6 6. Ngf3 Bg7 7. Ne5 0-0 8. Nxc6 bxc6 9. Be5 Nd7 10. Bxg7 Kxg7 11. Nf3 Rb8 12. Rb1 Qc7 13. dxc5 Nxc5 14. Qd4+ e5 15. Qxc5 Bf5 16. Rd1 Rxb2 17. Be2 Rxa2 18. Rxd5 Be4 19. Rd2 Ra1+ 20. Rd1 Ra2 21. Qxe5+ Qxe5 22. Nxe5 Bxg2 23. Rg1 Bh3 24. Rg3 Be6 25. Bc4 Bxc4 26. Nxc4 Rc2 27. e4 Re8 28. Re3 Re7 29. Rd2 Rc1+ 30. Ke2 Rh1 31. h3 Rb1 32. e5 Rb5 33. Ra2 Rc5 34. Ra4 Rb7 35. Nd6 Re7 36. f4 h6 37. Kf3 Kh7 38. Rb4 g5 39. Ne4 Ra5 40. Nf6+ Kg6 41. Rb8 Kf5 42. Ng8 Re6 43. Rf8 Kg6 44. Nf6 Ra4 45. Rg8+ Kf5 46. fxg5 hxg5 47. Ne4 Rg6 48. Rxg6 Kxg6 49. Nc5 Rc4 50. Nd7 a5 51. Nf6 Kf5 52. Ne4 a4 53. Nd6+ Ke6 54. Nxc4 f5 55. Na3 Kd5 56. e6 f4 57. e7 fxe3 58. e8Q e2 59. Qe4+ Kd6 60. Nc4+ Kc5 61. Qd4+ Kb5 62. Nd6+ Ka5 63. Qb4+ Ka6 64. Qb7+ Ka5 65. Nc4# 1-0

[Event "Titled Tuesday intern op 24th Sep Late"]
[Site "Chess.com INT"]
[Date "2024.09.24"]
[Round "8"]
[White "Hernandez Izquierdo, Jose A"]
[Black "McConnell, Sullivan Mac"]
[Result "1-0"]
[WhiteElo "2227"]
[BlackElo "2183"]
[PlyCount "69"]
[EventDate "2024.09.24"]
[EventType "swiss (blitz)"]
[EventRounds "11"]
[EventCountry "USA"]
[SourceTitle "EXT 2025"]
[Source "ChessBase"]
[SourceDate "2024.10.14"]
[SourceVersion "1"]
[SourceVersionDate "2024.10.14"]
[SourceQuality "1"]

1. e4 c6 2. d4 d5 3. exd5 cxd5 4. Nf3 Nf6 5. c4 Nbd7 6. Nc3 g6 7. cxd5 Bg7 8. Qb3 0-0 9. Bc4 a6 10. a4 Nb6 11. 0-0 Bg4 12. Ne5 Nxc4 13. Qxc4 Bf5 14. Re1 Rc8 15. Qb3 Rc7 16. Bf4 h6 17. f3 g5 18. Bg3 Nh5 19. Rac1 Qd6 20. Bf2 Nf4 21. Bg3 Nh5 22. a5 Rfc8 23. Qb6 Bh7 24. Re3 f5 25. Nc6 Nxg3 26. Nxe7+ Rxe7 27. Qxd6 Rxe3 28. hxg3 Bxd4 29. Kh2 Kf7 30. Qd7+ Re7 31. Qxc8 f4 32. g4 Bf2 33. Ne4 Bxe4 34. fxe4 Rxe4 35. Qf5+ 1-0

[Event "Titled Tuesday intern op 24th Sep Late"]
[Site "Chess.com INT"]
[Date "2024.09.24"]
[Round "7"]
[White "McConnell, Sullivan Mac"]
[Black "Goncalves, Samuel Jesus P"]
[Result "1-0"]
[WhiteElo "2183"]
[BlackElo "2169"]
[PlyCount "89"]
[EventDate "2024.09.24"]
[EventType "swiss (blitz)"]
[EventRounds "11"]
[EventCountry "USA"]
[SourceTitle "EXT 2025"]
[Source "ChessBase"]
[SourceDate "2024.10.14"]
[SourceVersion "1"]
[SourceVersionDate "2024.10.14"]
[SourceQuality "1"]

1. Nc3 g6 2. d4 Bg7 3. e4 d6 4. f4 a6 5. Nf3 b5 6. Be3 Bb7 7. a3 Nd7 8. h4 h5 9. e5 e6 10. Bd3 Nh6 11. Ne4 Ng4 12. Bf2 Bxe4 13. Bxe4 d5 14. Bd3 c5 15. dxc5 Nxf2 16. Kxf2 Nxc5 17. Be2 Ne4+ 18. Ke1 Bh6 19. Ng5 Bxg5 20. hxg5 Qb6 21. Rf1 Ng3 22. Rf2 Nf5 23. Qd3 Rc8 24. c3 Kf8 25. Bf1 Kg7 26. g3 d4 27. Rc2 Rhd8 28. cxd4 Rxc2 29. Qxc2 Qxd4 30. Qc3 Qxc3+ 31. bxc3 Nxg3 32. Bg2 Rd3 33. Rc1 h4 34. Rc2 Nf5 35. Bb7 a5 36. Bc6 Ne3 37. Rc1 h3 38. Ke2 Rd1 39. Rxd1 Nxd1 40. Kxd1 h2 41. Ke2 Kf8 42. Kf2 Ke7 43. Kg2 Kd8 44. Bxb5 Kc7 45. Kxh2 1-0

[Event "Titled Tuesday intern op 16th Jul Late"]
[Site "Chess.com INT"]
[Date "2024.07.16"]
[Round "8"]
[White "Cofre Archibold, Nestor"]
[Black "McConnell, Sullivan Mac"]
[Result "1-0"]
[WhiteElo "2226"]
[BlackElo "2204"]
[PlyCount "89"]
[EventDate "2024.07.16"]
[EventType "swiss (blitz)"]
[EventRounds "11"]
[EventCountry "USA"]
[SourceTitle "EXT 2025"]
[Source "ChessBase"]
[SourceDate "2024.10.14"]
[SourceVersion "1"]
[SourceVersionDate "2024.10.14"]
[SourceQuality "1"]

1. e4 c5 2. Nf3 Nc6 3. Bb5 Nd4 4. Nxd4 cxd4 5. 0-0 g6 6. f4 Bg7 7. f5 Nf6 8. d3 a6 9. Ba4 b5 10. Bb3 gxf5 11. e5 Ng4 12. Rxf5 Nxe5 13. Rxe5 Bxe5 14. Qf3 Qc7 15. Qxa8 Bxh2+ 16. Kh1 0-0 17. Qf3 e6 18. Bh6 f5 19. Bxf8 Kxf8 20. Nd2 Bb7 21. Qh3 Bf4 22. Nf3 Kg7 23. Rf1 Be3 24. Qh4 a5 25. Nxd4 Qc5 26. c3 f4 27. Bxe6 b4 28. Qg4+ Kf6 29. Rxf4+ Bxf4 30. Qxf4+ Kg6 31. Qf7+ Kg5 32. Qg7+ Kf4 33. Qf6+ Ke3 34. Bf5 bxc3 35. bxc3 Qd5 36. Qg5+ Kf2 37. Qd2+ Kg3 38. Qe3+ Kh4 39. Qf4+ Kh5 40. Bg4+ Kh4 41. Nf5+ Qxf5 42. Bxf5+ Kh5 43. Bg4+ Kg6 44. Qf5+ Kh6 45. Qf6# 1-0

[Event "Titled Tuesday intern op 16th Jul Late"]
[Site "Chess.com INT"]
[Date "2024.07.16"]
[Round "6"]
[White "Jun, Rudolf Jr"]
[Black "McConnell, Sullivan Mac"]
[Result "1-0"]
[WhiteElo "2209"]
[BlackElo "2204"]
[PlyCount "137"]
[EventDate "2024.07.16"]
[EventType "swiss (blitz)"]
[EventRounds "11"]
[EventCountry "USA"]
[SourceTitle "EXT 2025"]
[Source "ChessBase"]
[SourceDate "2024.10.14"]
[SourceVersion "1"]
[SourceVersionDate "2024.10.14"]
[SourceQuality "1"]

1. e4 e6 2. Qe2 d5 3. exd5 Nf6 4. dxe6 Bd6 5. Nf3 0-0 6. d3 Bxe6 7. Nc3 Nc6 8. Be3 a6 9. g3 b5 10. a3 Ng4 11. Bg2 Nxe3 12. fxe3 Rb8 13. 0-0 Re8 14. Kh1 Qf6 15. Nd2 Qh6 16. Bxc6 Bxg3 17. Qg2 Bh3 18. Qxg3 Qxc6+ 19. Qf3 Qh6 20. Rfe1 Rb6 21. Nde4 f5 22. Ng3 Kh8 23. Qf4 Qc6+ 24. e4 fxe4 25. Ngxe4 b4 26. axb4 Rxb4 27. Re3 Bd7 28. Rf1 Rg8 29. b3 Qg6 30. Rg3 Qb6 31. Nd5 Qb7 32. Nxb4 Qxb4 33. Ng5 Bc6+ 34. Ne4 Qc3 35. Kg1 Qd4+ 36. Qf2 Qe5 37. Qf4 Qd4+ 38. Qe3 Qd7 39. Rf4 Qe7 40. Rgf3 Qa3 41. Kf2 h6 42. Qc5 Qc1 43. Rf8 Qh1 44. Rxg8+ Kxg8 45. Qxc6 Qxh2+ 46. Ke3 Qg1+ 47. Rf2 Qe1+ 48. Re2 Qg1+ 49. Kd2 Kh7 50. Qc4 c5 51. Nxc5 Qg5+ 52. Kc3 Qc1 53. Qe4+ Kg8 54. Qe8+ Kh7 55. Qe4+ Kg8 56. Qe3 Qa1+ 57. Kd2 Qa5+ 58. Kd1 Qa1+ 59. Qc1 Qd4 60. Ne4 Qg1+ 61. Kd2 Qb6 62. Qb2 Kh7 63. Qc3 h5 64. Qe5 Qg1 65. Ng5+ Kg6 66. Nf3 Qf1 67. Qg5+ Kh7 68. Qxh5+ Kg8 69. Re8# 1-0

[Event "Titled Tuesday intern op 16th Jul Late"]
[Site "Chess.com INT"]
[Date "2024.07.16"]
[Round "3"]
[White "Liu, Casper Yukun"]
[Black "McConnell, Sullivan Mac"]
[Result "0-1"]
[WhiteElo "2316"]
[BlackElo "2204"]
[PlyCount "142"]
[EventDate "2024.07.16"]
[EventType "swiss (blitz)"]
[EventRounds "11"]
[EventCountry "USA"]
[SourceTitle "EXT 2025"]
[Source "ChessBase"]
[SourceDate "2024.10.14"]
[SourceVersion "1"]
[SourceVersionDate "2024.10.14"]
[SourceQuality "1"]

1. e4 e6 2. g3 d5 3. exd5 exd5 4. Bg2 g6 5. Nf3 Bg7 6. 0-0 Ne7 7. d4 0-0 8. c3 c6 9. Bf4 Nd7 10. Bd6 Nf6 11. Be5 Re8 12. Re1 Bf5 13. a4 a5 14. Nbd2 Qb6 15. Qb3 Qa6 16. Bf1 Qa7 17. Bc7 Ne4 18. Nxe4 Bxe4 19. Ng5 Nf5 20. f3 Bxd4+ 21. cxd4 Nxd4 22. Qb6 Qxb6 23. Bxb6 Nxf3+ 24. Nxf3 Bxf3 25. Rxe8+ Rxe8 26. Bxa5 d4 27. Bb6 Re4 28. Kf2 Bg4 29. Bd3 Re3 30. Bc4 Re5 31. Bxd4 Re4 32. Bxf7+ Kxf7 33. Bc3 Re2+ 34. Kf1 Rxh2 35. Kg1 Rc2 36. a5 Be2 37. Kf2 Ke6 38. Ke3 Kf5 39. Ra4 Bb5 40. Rf4+ Ke6 41. Re4+ Kd6 42. Rh4 Re2+ 43. Kf4 Re7 44. Kg5 c5 45. Kf6 Be8 46. Rh1 Rf7+ 47. Kg5 Bc6 48. Rd1+ Bd5 49. Re1 Kc6 50. Be5 Kb5 51. Bc3 Bc6 52. Kh6 Rf3 53. Be5 Kxa5 54. Kxh7 g5 55. Kg6 g4 56. Kg5 Bd7 57. Bc3+ Kb6 58. Re7 Rf5+ 59. Kg6 Rd5 60. Kh6 Kc6 61. Rg7 b5 62. Rg6+ Kb7 63. Ba5 b4 64. Rb6+ Ka7 65. Rg6 Be8 66. Rxg4 Rh5+ 67. Kg7 Ka6 68. Bd8 Kb5 69. Kf8 Bc6 70. Rg7 Rh3 71. g4 Rf3+ 0-1

[Event "Chesterfield SPICE Cup op"]
[Site "Chesterfield"]
[Date "2023.12.21"]
[Round "8"]
[White "McConnell, Sullivan Mac"]
[Black "Song, Ethan"]
[Result "0-1"]
[WhiteElo "2191"]
[BlackElo "2171"]
[PlyCount "54"]
[EventDate "2023.12.17"]
[EventType "swiss"]
[EventRounds "9"]
[EventCountry "USA"]
[SourceTitle "CBM 217 Extra"]
[Source "ChessBase"]
[SourceDate "2024.01.31"]
[SourceVersion "1"]
[SourceVersionDate "2024.01.31"]
[SourceQuality "1"]

1. e4 c5 2. Nc3 Nc6 3. Bb5 Nd4 4. Bc4 Nf6 5. Nge2 e6 6. 0-0 a6 7. a4 d5 8. exd5 exd5 9. Ba2 Bd6 10. d3 Bg4 11. h3 Bxe2 12. Nxe2 Ne6 13. Ng3 Bc7 14. Re1 Qd6 15. c3 0-0 16. Bd2 Rae8 17. Qf3 h5 18. Re2 h4 19. Nf1 Re7 20. Rae1 Rfe8 21. Bb3 b5 22. axb5 axb5 23. Bc2 b4 24. Bb1 bxc3 25. bxc3 d4 26. Ba2 dxc3 27. Bxc3 Ng5 0-1

[Event "Las Vegas 1000 GM op"]
[Site "Las Vegas"]
[Date "2023.06.11"]
[Round "7"]
[White "Rosen, Eric S"]
[Black "McConnell, Sullivan Mac"]
[Result "1-0"]
[WhiteElo "2349"]
[BlackElo "2037"]
[PlyCount "81"]
[EventDate "2023.06.08"]
[EventType "swiss"]
[EventRounds "9"]
[EventCountry "USA"]
[SourceTitle "CBM 214 Extra"]
[Source "ChessBase"]
[SourceDate "2023.07.31"]
[SourceVersion "1"]
[SourceVersionDate "2023.07.31"]
[SourceQuality "1"]

1. d4 e6 2. Bf4 b6 3. e4 Bb7 4. Bd3 c5 5. d5 exd5 6. exd5 Qf6 7. Qe2+ Qe7 8. Nc3 Nf6 9. Nb5 Qxe2+ 10. Nxe2 Na6 11. c4 Be7 12. Nd6+ Bxd6 13. Bxd6 Kd8 14. Kd2 Ne8 15. Bg3 h6 16. Nc3 Nac7 17. Rhe1 Rf8 18. f4 Nf6 19. f5 Re8 20. Be5 Ng4 21. Bxc7+ Kxc7 22. Nb5+ Kd8 23. Rxe8+ Kxe8 24. Nc7+ Kd8 25. Nxa8 Bxa8 26. Be2 Nf6 27. g4 Ke7 28. Bf3 d6 29. h4 Nd7 30. Re1+ Kf8 31. Re3 Bb7 32. Be2 Bc8 33. Rg3 Ke7 34. Ke3 Nf8 35. Kf4 f6 36. Re3+ Kd8 37. g5 hxg5+ 38. hxg5 Bd7 39. g6 a5 40. Bd1 Bc8 41. Ba4 1-0

[Event "Las Vegas 1000 GM op"]
[Site "Las Vegas"]
[Date "2023.06.08"]
[Round "1"]
[White "Gutla, Aryan"]
[Black "McConnell, Sullivan Mac"]
[Result "0-1"]
[WhiteElo "2344"]
[BlackElo "2037"]
[PlyCount "100"]
[EventDate "2023.06.08"]
[EventType "swiss"]
[EventRounds "9"]
[EventCountry "USA"]
[SourceTitle "CBM 214 Extra"]
[Source "ChessBase"]
[SourceDate "2023.07.31"]
[SourceVersion "1"]
[SourceVersionDate "2023.07.31"]
[SourceQuality "1"]

1. d4 e6 2. c4 b6 3. a3 Bb7 4. Nc3 Nf6 5. d5 d6 6. Nf3 g6 7. g3 Bg7 8. Bg2 0-0 9. 0-0 Qe7 10. Bd2 Nbd7 11. e4 Ne5 12. b3 a6 13. Nd4 Nfd7 14. Be3 c5 15. dxc6 Nxc6 16. Nxc6 Bxc6 17. Bd4 b5 18. cxb5 axb5 19. Bxg7 Kxg7 20. Qd4+ e5 21. Qb4 Nc5 22. Rfd1 Qe6 23. Nd5 Ra7 24. Qc3 Bxd5 25. exd5 Qd7 26. Bf1 Rb8 27. b4 Ne4 28. Qe3 Nf6 29. Bg2 Rc7 30. Rac1 Rbc8 31. Rc6 Ra8 32. Rdc1 Rca7 33. R1c3 Ng8 34. f4 exf4 35. Qd4+ Nf6 36. Qxf4 Rxa3 37. Rxa3 Rxa3 38. Qxd6 Ra1+ 39. Bf1 Qxd6 40. Rxd6 Ne4 41. Rb6 Nd2 42. Rxb5 Rxf1+ 43. Kg2 Rd1 44. Kf2 Ne4+ 45. Ke3 Nc3 46. Rc5 Nxd5+ 47. Ke2 Rd4 48. b5 Kf6 49. b6 Ke6 50. Rb5 Nc3+ 0-1

[Event "Sheridan Wyoming op"]
[Site "Sheridan"]
[Date "2023.05.07"]
[Round "5"]
[White "McConnell, Sullivan Mac"]
[Black "Corrales Jimenez, Fidel"]
[Result "1-0"]
[WhiteElo "2037"]
[BlackElo "2489"]
[PlyCount "23"]
[EventDate "2023.05.05"]
[EventType "swiss"]
[EventRounds "5"]
[EventCountry "USA"]
[SourceTitle "CBM 214 Extra"]
[Source "ChessBase"]
[SourceDate "2023.07.31"]
[SourceVersion "1"]
[SourceVersionDate "2023.07.31"]
[SourceQuality "1"]

1. e4 c5 2. Nc3 Nc6 3. Bb5 Nd4 4. Bc4 a6 5. a4 g6 6. Nge2 Bg7 7. 0-0 e6 8. f4 Ne7 9. d3 d5 10. Ba2 0-0 11. Kh1 b5 12. Ng3 1-0

[Event "Sheridan Wyoming op"]
[Site "Sheridan"]
[Date "2023.05.07"]
[Round "4"]
[White "Shtivelband, Richard"]
[Black "McConnell, Sullivan Mac"]
[Result "0-1"]
[WhiteElo "2050"]
[BlackElo "2037"]
[PlyCount "64"]
[EventDate "2023.05.05"]
[EventType "swiss"]
[EventRounds "5"]
[EventCountry "USA"]
[SourceTitle "CBM 214 Extra"]
[Source "ChessBase"]
[SourceDate "2023.07.31"]
[SourceVersion "1"]
[SourceVersionDate "2023.07.31"]
[SourceQuality "1"]

1. d4 e6 2. g3 d5 3. c4 f5 4. Nf3 Nf6 5. Nbd2 Be7 6. Bg2 0-0 7. 0-0 c6 8. b3 Nbd7 9. Ng5 Nb6 10. c5 h6 11. Nh3 Nbd7 12. Nf4 Kf7 13. Bb2 b6 14. b4 a5 15. a3 Ba6 16. Nf3 Qc7 17. Rc1 axb4 18. axb4 g5 19. Nd3 Bxd3 20. exd3 Rfb8 21. Re1 Ne8 22. Ne5+ Nxe5 23. Rxe5 Ng7 24. Bc3 Bf6 25. Re1 bxc5 26. bxc5 Ra3 27. Rc2 Qa7 28. h4 Qa4 29. hxg5 hxg5 30. Qc1 Rbb3 31. Bb2 Ra2 32. Rce2 Qb4 0-1

[Event "Titled Tuesday intern op 23rd Aug Late"]
[Site "Chess.com INT"]
[Date "2022.08.23"]
[Round "8"]
[White "McConnell, Sullivan Mac"]
[Black "Garcia Castany Musellas, Gal La"]
[Result "1-0"]
[WhiteElo "1985"]
[BlackElo "2146"]
[PlyCount "103"]
[EventDate "2022.08.23"]
[EventType "swiss (blitz)"]
[EventRounds "11"]
[EventCountry "USA"]
[SourceTitle "EXT 2023"]
[Source "ChessBase"]
[SourceDate "2022.10.05"]
[SourceVersion "1"]
[SourceVersionDate "2022.10.05"]
[SourceQuality "1"]

1. e4 c6 2. d4 d5 3. Nc3 dxe4 4. Nxe4 Nf6 5. Nxf6+ exf6 6. Nf3 Bd6 7. Bc4 0-0 8. 0-0 Bg4 9. h3 Bh5 10. Be3 Nd7 11. c3 Re8 12. Re1 Qc7 13. a4 a5 14. Be2 Nf8 15. Nd2 Bxe2 16. Rxe2 f5 17. f3 Ne6 18. Nc4 Bf4 19. Bf2 h5 20. Qc2 g6 21. Rae1 Bg3 22. Ne5 Bxf2+ 23. Kxf2 Nf4 24. Re3 f6 25. Qb3+ Kg7 26. Nc4 Rxe3 27. Rxe3 Nd5 28. Re1 h4 29. Ne3 Rd8 30. Nxd5 Rxd5 31. Qa3 Rd7 32. Qc5 b6 33. Qc4 g5 34. Qe6 Qg3+ 35. Kf1 Rf7 36. Qxf5 Qh2 37. Qg4 Qd6 38. f4 Kg6 39. f5+ Kg7 40. Re4 Re7 41. Qe2 Rxe4 42. Qxe4 Kf7 43. Ke2 Qg3 44. Qe6+ Kg7 45. Qe7+ Kg8 46. Qe8+ Kg7 47. Qg6+ Kf8 48. Qxf6+ Kg8 49. Qe6+ Kg7 50. Qe5+ Kh7 51. Qxg3 hxg3 52. Kf3 1-0

[Event "Titled Tuesday intern op 23rd Aug Late"]
[Site "Chess.com INT"]
[Date "2022.08.23"]
[Round "6"]
[White "McConnell, Sullivan Mac"]
[Black "Maksimovic, Bojan"]
[Result "0-1"]
[WhiteElo "1985"]
[BlackElo "2468"]
[PlyCount "102"]
[EventDate "2022.08.23"]
[EventType "swiss (blitz)"]
[EventRounds "11"]
[EventCountry "USA"]
[SourceTitle "EXT 2023"]
[Source "ChessBase"]
[SourceDate "2022.10.05"]
[SourceVersion "1"]
[SourceVersionDate "2022.10.05"]
[SourceQuality "1"]

1. e4 e5 2. Nf3 Nc6 3. Bb5 a6 4. Ba4 Nf6 5. 0-0 Be7 6. Re1 b5 7. Bb3 d6 8. h3 Na5 9. d4 Nxb3 10. axb3 Nd7 11. dxe5 Nxe5 12. Nxe5 dxe5 13. Qxd8+ Bxd8 14. Nc3 Bb7 15. Be3 Be7 16. f3 c6 17. Red1 f6 18. Ne2 Rd8 19. Rxd8+ Kxd8 20. Bb6+ Ke8 21. c3 c5 22. Rd1 Bc8 23. Ba5 Kf7 24. Kf2 Be6 25. b4 h5 26. bxc5 Bxc5+ 27. Ke1 Rc8 28. Ng3 g6 29. Nf1 f5 30. Nd2 Kf6 31. Nf1 Kg5 32. Bd8+ Kh6 33. Bf6 fxe4 34. fxe4 Re8 35. b4 Bf8 36. Nd2 g5 37. Nf3 g4 38. hxg4 Bxg4 39. Ra1 Re6 40. Bh4 Kg6 41. Bg3 Bxf3 42. gxf3 Be7 43. Ke2 h4 44. Bf2 Rc6 45. Be3 Kh5 46. Bd2 Bg5 47. Bxg5 Kxg5 48. Rg1+ Kh5 49. Kd3 h3 50. Rg8 h2 51. Rh8+ Rh6 0-1

[Event "Titled Tuesday intern op 16th Aug Late"]
[Site "Chess.com INT"]
[Date "2022.08.16"]
[Round "6"]
[White "Ibarra Jerez, Jose Carlos"]
[Black "McConnell, Sullivan Mac"]
[Result "1-0"]
[WhiteElo "2570"]
[BlackElo "1985"]
[PlyCount "91"]
[EventDate "2022.08.16"]
[EventType "swiss (blitz)"]
[EventRounds "11"]
[EventCountry "USA"]
[SourceTitle "EXT 2023"]
[Source "ChessBase"]
[SourceDate "2022.10.05"]
[SourceVersion "1"]
[SourceVersionDate "2022.10.05"]
[SourceQuality "1"]

1. Nf3 Nf6 2. g3 g6 3. b3 Bg7 4. Bb2 b6 5. Bg2 Bb7 6. c4 0-0 7. 0-0 c5 8. Nc3 Nc6 9. d4 d6 10. d5 Ne5 11. Nd2 Nfd7 12. h3 f5 13. f4 Nf7 14. e4 fxe4 15. Ndxe4 Nf6 16. Nd2 Bc8 17. Qe2 a6 18. a4 a5 19. Rae1 Ra7 20. Nf3 Nh5 21. Kh2 Re8 22. Qd2 Nf6 23. g4 Bh8 24. Nb5 Rb7 25. Re2 Bd7 26. Rfe1 Bxb5 27. axb5 Rc7 28. Kg3 Rb7 29. h4 Qc8 30. Bh3 Qd8 31. Kh2 Ra7 32. g5 Nh5 33. Bxh8 Kxh8 34. f5 a4 35. bxa4 Rxa4 36. Qc3+ Kg8 37. f6 Ra7 38. Re4 Ra2+ 39. Kg1 Qa8 40. Rxe7 Rf8 41. Be6 Ra3 42. Bxf7+ Kh8 43. Qxa3 Qxa3 44. Re8 Nxf6 45. gxf6 h5 46. Rxf8+ 1-0

[Event "Titled Tuesday intern op 16th Aug Late"]
[Site "Chess.com INT"]
[Date "2022.08.16"]
[Round "5"]
[White "Melikhov, Evgeny V"]
[Black "McConnell, Sullivan Mac"]
[Result "0-1"]
[WhiteElo "2292"]
[BlackElo "1985"]
[PlyCount "82"]
[EventDate "2022.08.16"]
[EventType "swiss (blitz)"]
[EventRounds "11"]
[EventCountry "USA"]
[SourceTitle "EXT 2023"]
[Source "ChessBase"]
[SourceDate "2022.10.05"]
[SourceVersion "1"]
[SourceVersionDate "2022.10.05"]
[SourceQuality "1"]

1. d4 e6 2. c4 b6 3. Nc3 Bb4 4. e4 Bb7 5. e5 Bxc3+ 6. bxc3 d6 7. Nf3 dxe5 8. Nxe5 Ne7 9. Bd3 Nbc6 10. Bf4 Nxe5 11. Bxe5 0-0 12. 0-0 Ng6 13. Bg3 c5 14. Qg4 f5 15. Qe2 Re8 16. Rad1 Qg5 17. f4 Qf6 18. Qe3 Rac8 19. Rfe1 Nf8 20. Qe5 Qxe5 21. dxe5 Rcd8 22. Be2 Rd7 23. Rxd7 Nxd7 24. Rd1 Nb8 25. Kf2 Kf7 26. Rd6 Re7 27. Bh4 Rd7 28. Rxd7+ Nxd7 29. Bd8 Ke8 30. Bc7 Nf8 31. h3 Kd7 32. Bd6 Ng6 33. g3 Nh8 34. g4 g6 35. Kg3 Nf7 36. Bf8 Ke8 37. Bg7 Be4 38. h4 Nd8 39. h5 Kf7 40. Bf6 Nc6 41. h6 Na5 0-1

[Event "Titled Tuesday intern op 09th Aug Late"]
[Site "Chess.com INT"]
[Date "2022.08.09"]
[Round "3"]
[White "Rabineau, Clement"]
[Black "McConnell, Sullivan Mac"]
[Result "0-1"]
[WhiteElo "2193"]
[BlackElo "1985"]
[PlyCount "70"]
[EventDate "2022.08.09"]
[EventType "swiss (blitz)"]
[EventRounds "11"]
[EventCountry "USA"]
[SourceTitle "EXT 2023"]
[Source "ChessBase"]
[SourceDate "2022.10.05"]
[SourceVersion "1"]
[SourceVersionDate "2022.10.05"]
[SourceQuality "1"]

1. e4 e6 2. d4 d5 3. exd5 exd5 4. Bd3 Nc6 5. c3 Bd6 6. Qf3 Nge7 7. Ne2 Be6 8. Bf4 h6 9. Nd2 g5 10. Bxd6 Qxd6 11. h4 0-0-0 12. 0-0-0 g4 13. Qf4 Rhe8 14. Nf1 Qxf4+ 15. Nxf4 Bf5 16. Ng3 Bxd3 17. Nxd3 Ng8 18. Rde1 Nf6 19. Nf4 Ne7 20. h5 Nc6 21. Kd2 Kd7 22. Kd3 b6 23. Rhf1 a5 24. Nf5 Rxe1 25. Rxe1 Rh8 26. f3 gxf3 27. gxf3 Nd8 28. Re7+ Kc8 29. b3 Rh7 30. Re1 Kd7 31. Rg1 Ne6 32. Ke3 Nxf4 33. Kxf4 Nxh5+ 34. Ke5 c6 35. Rg8 f6# 0-1

[Event "Titled Tuesday intern op 26th Jul Late"]
[Site "Chess.com INT"]
[Date "2022.07.26"]
[Round "10"]
[White "Domingo Nunez, Ruben"]
[Black "McConnell, Sullivan Mac"]
[Result "1-0"]
[WhiteElo "2361"]
[BlackElo "1985"]
[PlyCount "59"]
[EventDate "2022.07.26"]
[EventType "swiss (blitz)"]
[EventRounds "11"]
[EventCountry "USA"]
[SourceTitle "EXT 2023"]
[Source "ChessBase"]
[SourceDate "2022.10.05"]
[SourceVersion "1"]
[SourceVersionDate "2022.10.05"]
[SourceQuality "1"]

1. b3 b6 2. Bb2 Bb7 3. Nf3 Nf6 4. g3 g6 5. Bg2 Bg7 6. 0-0 0-0 7. c4 e6 8. Qc2 d6 9. Nc3 Nbd7 10. Rad1 Qe7 11. d4 a6 12. e4 e5 13. Rfe1 exd4 14. Nd5 Nxd5 15. exd5 Ne5 16. Nxd4 Qd7 17. h3 Qd8 18. f4 Nd7 19. Ne6 fxe6 20. dxe6 Bxb2 21. e7 Bxg2 22. exd8Q Raxd8 23. Qxb2 Bxh3 24. Re7 Rf7 25. Rxf7 Kxf7 26. Qh2 Be6 27. Qxh7+ Kf8 28. Re1 Bf7 29. Qh4 Re8 30. Qh8+ 1-0

[Event "Titled Tuesday intern op 26th Jul Late"]
[Site "Chess.com INT"]
[Date "2022.07.26"]
[Round "3"]
[White "McConnell, Sullivan Mac"]
[Black "Bordi, Kevin Claude"]
[Result "0-1"]
[WhiteElo "1985"]
[BlackElo "2288"]
[PlyCount "152"]
[EventDate "2022.07.26"]
[EventType "swiss (blitz)"]
[EventRounds "11"]
[EventCountry "USA"]
[SourceTitle "EXT 2023"]
[Source "ChessBase"]
[SourceDate "2022.10.05"]
[SourceVersion "1"]
[SourceVersionDate "2022.10.05"]
[SourceQuality "1"]

1. e4 d5 2. exd5 Qxd5 3. Nc3 Qa5 4. Qf3 Nf6 5. h3 Nc6 6. Bb5 Bd7 7. Nge2 0-0-0 8. 0-0 Kb8 9. d4 g5 10. Bxg5 Rg8 11. Bxf6 exf6 12. a3 a6 13. b4 Qb6 14. Bxc6 Bxc6 15. d5 Bd7 16. Ne4 f5 17. N4g3 Qf6 18. c4 Bh6 19. Rad1 f4 20. Nh5 Qh4 21. Nhxf4 Rde8 22. Rd3 Rg7 23. Nh5 Rg6 24. Nef4 Bxf4 25. Nxf4 Rf6 26. g3 Rg8 27. Kh2 Qh6 28. Re1 Bxh3 29. Qh5 Bf5 30. Rd4 Qg7 31. Kg2 Rh6 32. Qxf5 Qxd4 33. Qxf7 Rc8 34. c5 Rf6 35. Qxh7 Rxf4 36. gxf4 Qxf4 37. Re4 Qg5+ 38. Kf1 Qxd5 39. Re3 Rd8 40. Qe4 Qd1+ 41. Re1 Qh5 42. Re3 Rd1+ 43. Re1 Qh3+ 44. Kg1 Rd8 45. Qg2 Qh7 46. Qg4 Rg8 47. Qxg8+ Qxg8+ 48. Kf1 Qc4+ 49. Kg1 Qb3 50. Re3 Qb1+ 51. Kg2 Qg6+ 52. Kf3 Qf5+ 53. Ke2 b6 54. cxb6 cxb6 55. Rf3 Qc2+ 56. Kf1 Qd1+ 57. Kg2 Qd5 58. Kg3 Qg5+ 59. Kh2 Kb7 60. Re3 Qf4+ 61. Kg2 Kc6 62. Kf1 Kb5 63. Ke2 Ka4 64. f3 Qc4+ 65. Kf2 Qc2+ 66. Kg3 Qc1 67. Kf2 Qb2+ 68. Kg3 Qg7+ 69. Kf2 Qg5 70. Ke2 Qf4 71. Kf2 Kb5 72. Ke2 Qh2+ 73. Ke1 Kc4 74. Kf1 Kd4 75. Re4+ Kd3 76. Re6 Qh3+ 0-1

[Event "Titled Tuesday intern op 06th July"]
[Site "Chess.com INT"]
[Date "2021.07.06"]
[Round "4"]
[White "Kaganskiy, Gleb"]
[Black "McConnell, Sullivan Mac"]
[Result "1-0"]
[WhiteElo "2279"]
[BlackElo "1961"]
[PlyCount "31"]
[EventDate "2021.07.06"]
[EventType "swiss (blitz)"]
[EventRounds "11"]
[EventCountry "USA"]
[SourceTitle "EXT 2022"]
[Source "ChessBase"]
[SourceDate "2021.10.06"]
[SourceVersion "1"]
[SourceVersionDate "2021.10.06"]
[SourceQuality "1"]

1. e4 e6 2. d4 d5 3. e5 c5 4. c3 Nc6 5. Nf3 Bd7 6. a3 cxd4 7. cxd4 Qb6 8. Nc3 Rc8 9. Na4 Qa5+ 10. b4 Nxb4 11. axb4 Bxb4+ 12. Bd2 b6 13. Nc3 Ba3 14. Ne4 dxe4 15. Bxa5 Bb2 16. Rb1 1-0